[Event "T-Director's Swiss sytem"]
[Site "playchess.com #662980"]
[Date "2014.03.16"]
[Round "2"]
[White "Bozo333"]
[Black "Readycash"]
[Result "1-0"]
[WhiteElo "1840"]
[BlackElo "2370"]
[PlyCount "105"]
[EventDate "2014.03.16"]
[EventType "swiss (blitz)"]

1. d4 {[%emt 0:00:02]} Nf6 {[%emt 0:00:01]} 2. Nf3 {[%emt 0:00:01]} g6 {[%emt
0:00:02]} 3. g3 {[%emt 0:00:01]} Bg7 {[%emt 0:00:01]} 4. Bg2 {[%emt 0:00:02]}
d6 {[%emt 0:00:00]} 5. O-O {[%emt 0:00:01]} O-O {[%emt 0:00:01]} 6. c4 {[%emt
0:00:01]} Nbd7 {[%emt 0:00:02]} 7. Nc3 {[%emt 0:00:01]} e5 {[%emt 0:00:01]} 8.
dxe5 {[%emt 0:00:01]} dxe5 {[%emt 0:00:01]} 9. Qc2 {[%emt 0:00:01]} c6 {[%emt
0:00:04]} 10. Rd1 {[%emt 0:00:01]} Qe7 {[%emt 0:00:04]} 11. e4 {[%emt 0:00:01]}
Nc5 {[%emt 0:00:05]} 12. h3 {[%emt 0:00:02]} Qc7 {[%emt 0:00:07]} 13. b3 {
[%emt 0:00:01]} Re8 {[%emt 0:00:03]} 14. Ba3 {[%emt 0:00:01]} Ne6 {[%emt 0:00:
02]} 15. Bd6 {[%emt 0:00:03]} Qa5 {[%emt 0:00:04]} 16. b4 {[%emt 0:00:17]} Qa6
{[%emt 0:00:14]} 17. Bf1 {[%emt 0:00:24]} Nd4 {[%emt 0:00:05]} 18. Nxd4 {[%emt
0:00:23]} exd4 {[%emt 0:00:00]} 19. c5 {[%emt 0:00:05]} Qa3 {[%emt 0:00:39]}
20. Rxd4 {[%emt 0:00:43]} Nd7 {[%emt 0:00:16]} 21. Rc4 {[%emt 0:00:19]} Ne5 {
[%emt 0:00:12]} 22. Nb1 {[%emt 0:00:14]} Qf3 {[%emt 0:00:21]} 23. Be2 {[%emt 0:
00:45]} Qf6 {[%emt 0:00:03]} 24. Rc3 {[%emt 0:00:12]} Bxh3 {[%emt 0:00:05]} 25.
f4 {[%emt 0:00:27]} Ng4 {[%emt 0:00:21]} 26. e5 {[%emt 0:00:04]} Qd8 {[%emt 0:
00:11]} 27. Qd1 {[%emt 0:00:06]} h5 {[%emt 0:00:06]} 28. Nd2 {[%emt 0:00:14]}
Nh6 {[%emt 0:00:20]} 29. Nf3 {[%emt 0:00:06]} Nf5 {[%emt 0:00:09]} 30. Kh2 {
[%emt 0:00:05]} Bg4 {[%emt 0:00:06]} 31. Ng5 {[%emt 0:00:23]} Bxe2 {[%emt 0:00:
04]} 32. Qxe2 {[%emt 0:00:02]} Nxd6 {[%emt 0:00:10]} 33. cxd6 {[%emt 0:00:03]}
Qxd6 {[%emt 0:00:07]} 34. Qc4 {[%emt 0:00:24]} Qe7 {[%emt 0:00:12]} 35. Rd1 {
[%emt 0:00:13]} Rad8 {[%emt 0:00:03]} 36. Rcd3 {[%emt 0:00:02]} Rxd3 {[%emt 0:
00:02]} 37. Rxd3 {[%emt 0:00:01] Bozo333 propose la nulle} Bxe5 {[%emt 0:01:06]
'} 38. Re3 {[%emt 0:00:11]} Qf6 {[%emt 0:00:02]} 39. Nf3 {[%emt 0:00:09]} h4 {
[%emt 0:00:07]} 40. fxe5 {[%emt 0:00:02]} hxg3+ {[%emt 0:00:02]} 41. Kg2 {
[%emt 0:00:02]} Qf5 {[%emt 0:00:05]} 42. Qe4 {[%emt 0:00:02]} Qe6 {[%emt 0:00:
03]} 43. Kxg3 {[%emt 0:00:01]} Qxa2 {[%emt 0:00:03]} 44. Re2 {[%emt 0:00:02]}
Qa1 {[%emt 0:00:04]} 45. Qh4 {[%emt 0:00:02]} Qd1 {[%emt 0:00:13]} 46. Rh2 {
[%emt 0:00:03]} Kf8 {[%emt 0:00:04]} 47. Qh6+ {[%emt 0:00:03]} Ke7 {[%emt 0:00:
01]} 48. Qg5+ {[%emt 0:00:01]} Ke6 {[%emt 0:00:12]} 49. Qg4+ {[%emt 0:00:03]}
f5 {[%emt 0:00:05]} 50. Qxg6+ {[%emt 0:00:02]} Ke7 {[%emt 0:00:04]} 51. Qf6+ {
[%emt 0:00:02]} Kd7 {[%emt 0:00:01]} 52. Rd2+ {[%emt 0:00:01]} Qxd2 {[%emt 0:
00:01]} 53. Nxd2 {[%emt 0:00:01] Readycash resigns} 1-0

[Event "T-Director's Swiss sytem"]
[Site "playchess.com #662980"]
[Date "2014.03.16"]
[Round "3"]
[White "Bustaes"]
[Black "Dj Amir"]
[Result "1-0"]
[WhiteElo "2576"]
[BlackElo "2205"]
[PlyCount "53"]
[EventDate "2014.03.16"]
[EventType "swiss (blitz)"]

1. c4 {[%emt 0:00:02]} e5 {[%emt 0:00:03]} 2. Nc3 {[%emt 0:00:02]} g6 {[%emt 0:
00:06]} 3. Nf3 {[%emt 0:00:03]} d6 {[%emt 0:00:02]} 4. d4 {[%emt 0:00:02]} Nd7
{[%emt 0:00:01]} 5. e4 {[%emt 0:00:02]} Bg7 {[%emt 0:00:01]} 6. Be2 {[%emt 0:
00:01]} Ne7 {[%emt 0:00:03]} 7. O-O {[%emt 0:00:01]} O-O {[%emt 0:00:01]} 8. b3
{[%emt 0:00:10]} Nc6 {[%emt 0:00:23]} 9. Be3 {[%emt 0:00:13]} exd4 {[%emt 0:00:
03]} 10. Nxd4 {[%emt 0:00:02]} Nxd4 {[%emt 0:00:02]} 11. Bxd4 {[%emt 0:00:01]}
Ne5 {[%emt 0:00:06]} 12. f4 {[%emt 0:00:06]} Nc6 {[%emt 0:00:02]} 13. Bxg7 {
[%emt 0:00:02]} Kxg7 {[%emt 0:00:01]} 14. Qd2 {[%emt 0:00:02]} f5 {[%emt 0:00:
07]} 15. Bf3 {[%emt 0:00:02]} fxe4 {[%emt 0:00:07]} 16. Bxe4 {[%emt 0:00:04]}
Bf5 {[%emt 0:00:05]} 17. Bxf5 {[%emt 0:00:07]} Rxf5 {[%emt 0:00:02]} 18. Nd5 {
[%emt 0:00:02]} Rf7 {[%emt 0:00:44]} 19. Rae1 {[%emt 0:00:05]} Qf8 {[%emt 0:00:
08]} 20. Re4 {[%emt 0:00:24]} Re8 {[%emt 0:00:14]} 21. Rxe8 {[%emt 0:00:04]}
Qxe8 {[%emt 0:00:02]} 22. Qc3+ {[%emt 0:00:02]} Kh6 {[%emt 0:00:03]} 23. Rf3 {
[%emt 0:00:02]} g5 {[%emt 0:01:51]} 24. Rh3+ {[%emt 0:00:16]} Kg6 {[%emt 0:00:
05]} 25. Qd3+ {[%emt 0:00:02]} Rf5 {[%emt 0:00:15]} 26. g4 {[%emt 0:00:02]}
Qe1+ {[%emt 0:00:02]} 27. Kg2 {[%emt 0:00:02] Dj Amir resigns} 1-0

[Event "T-Director's Swiss sytem"]
[Site "playchess.com #662980"]
[Date "2014.03.16"]
[Round "1"]
[White "Bustaes"]
[Black "Dusica"]
[Result "1-0"]
[WhiteElo "2574"]
[BlackElo "1729"]
[PlyCount "85"]
[EventDate "2014.03.16"]
[EventType "swiss (blitz)"]

1. c4 {[%emt 0:00:02]} e5 {[%emt 0:00:02]} 2. Nc3 {[%emt 0:00:02]} Nf6 {[%emt
0:00:01]} 3. Nf3 {[%emt 0:00:02]} Nc6 {[%emt 0:00:02]} 4. e3 {[%emt 0:00:02]}
d5 {[%emt 0:00:02]} 5. cxd5 {[%emt 0:00:02]} Nxd5 {[%emt 0:00:01]} 6. Bb5 {
[%emt 0:00:01]} Nxc3 {[%emt 0:00:04]} 7. bxc3 {[%emt 0:00:02]} Qd6 {[%emt 0:00:
04]} 8. O-O {[%emt 0:00:09]} Bg4 {[%emt 0:00:03]} 9. Qa4 {[%emt 0:00:02]} Bxf3
{[%emt 0:00:04]} 10. gxf3 {[%emt 0:00:02]} Be7 {[%emt 0:00:04]} 11. d4 {[%emt
0:00:16]} O-O {[%emt 0:00:04]} 12. Be2 {[%emt 0:00:11]} Qg6+ {[%emt 0:00:06]}
13. Kh1 {[%emt 0:00:02]} Bd6 {[%emt 0:00:01]} 14. Rg1 {[%emt 0:00:20]} Qh5 {
[%emt 0:00:05]} 15. Rg2 {[%emt 0:00:01]} exd4 {[%emt 0:00:02]} 16. cxd4 {[%emt
0:00:02]} Rfe8 {[%emt 0:00:05]} 17. Bb2 {[%emt 0:00:11]} g6 {[%emt 0:00:05]}
18. Qd1 {[%emt 0:00:05]} Qh4 {[%emt 0:00:03]} 19. f4 {[%emt 0:00:02]} Ne7 {
[%emt 0:00:08]} 20. Bf3 {[%emt 0:00:01]} c6 {[%emt 0:00:05]} 21. Qg1 {[%emt 0:
00:15]} Nf5 {[%emt 0:00:03]} 22. Rb1 {[%emt 0:00:04]} Rab8 {[%emt 0:00:06]} 23.
Rg5 {[%emt 0:00:05]} Ng7 {[%emt 0:00:12]} 24. Qg2 {[%emt 0:00:05]} Be7 {[%emt
0:00:07]} 25. Rg4 {[%emt 0:00:14]} Qh6 {[%emt 0:00:02]} 26. Bc3 {[%emt 0:00:05]
} Nf5 {[%emt 0:00:06]} 27. a4 {[%emt 0:00:04]} Nh4 {[%emt 0:00:02]} 28. Qh3 {
[%emt 0:00:02]} Nf5 {[%emt 0:00:04]} 29. Qxh6 {[%emt 0:00:02]} Nxh6 {[%emt 0:
00:01]} 30. Rgg1 {[%emt 0:00:03]} Bh4 {[%emt 0:00:05]} 31. Kg2 {[%emt 0:00:02]}
Nf5 {[%emt 0:00:03]} 32. Rb3 {[%emt 0:00:02]} Bf6 {[%emt 0:00:03]} 33. Bg4 {
[%emt 0:00:09]} Nd6 {[%emt 0:00:06]} 34. Rgb1 {[%emt 0:00:02]} b6 {[%emt 0:00:
02]} 35. Bf3 {[%emt 0:00:02]} Ne4 {[%emt 0:00:01]} 36. Be1 {[%emt 0:00:02]} Kg7
{[%emt 0:00:07]} 37. Rc1 {[%emt 0:00:02]} Rbc8 {[%emt 0:00:04]} 38. Rb2 {[%emt
0:00:11]} h5 {[%emt 0:00:07]} 39. Rbc2 {[%emt 0:00:03]} c5 {[%emt 0:00:02]} 40.
a5 {[%emt 0:00:06]} cxd4 {[%emt 0:00:05]} 41. Rxc8 {[%emt 0:00:02]} Rxc8 {
[%emt 0:00:03]} 42. Rxc8 {[%emt 0:00:01]} dxe3 {[%emt 0:00:04]} 43. Bxe4 {
[%emt 0:00:05] Dusica resigns} 1-0

[Event "T-Director's Swiss sytem"]
[Site "playchess.com #662980"]
[Date "2014.03.16"]
[Round "8"]
[White "Bvibcrinworld"]
[Black "FMGracz"]
[Result "0-1"]
[WhiteElo "1986"]
[BlackElo "2159"]
[PlyCount "116"]
[EventDate "2014.03.16"]
[EventType "swiss (blitz)"]

1. e4 {[%emt 0:00:03]} c5 {[%emt 0:00:03]} 2. Nc3 {[%emt 0:00:04]} e6 {[%emt 0:
00:04]} 3. Nf3 {[%emt 0:00:05]} a6 {[%emt 0:00:02]} 4. d4 {[%emt 0:00:04]} cxd4
{[%emt 0:00:02]} 5. Nxd4 {[%emt 0:00:02]} Qc7 {[%emt 0:00:00]} 6. Be3 {[%emt 0:
00:06]} b5 {[%emt 0:00:01]} 7. e5 {[%emt 0:00:11]} Qxe5 {[%emt 0:00:06]} 8. Bd3
{[%emt 0:00:08]} Bb7 {[%emt 0:00:05]} 9. Nf3 {[%emt 0:00:04]} Qc7 {[%emt 0:00:
02]} 10. O-O {[%emt 0:00:05]} Nf6 {[%emt 0:00:01]} 11. Bg5 {[%emt 0:00:07]} Nc6
{[%emt 0:00:03]} 12. Bxf6 {[%emt 0:00:06]} gxf6 {[%emt 0:00:02]} 13. a4 {[%emt
0:00:06]} b4 {[%emt 0:00:04]} 14. Ne4 {[%emt 0:00:04]} Be7 {[%emt 0:00:01]} 15.
Re1 {[%emt 0:00:07]} Ne5 {[%emt 0:00:03]} 16. Nxe5 {[%emt 0:00:06]} fxe5 {
[%emt 0:00:01]} 17. Qh5 {[%emt 0:00:09]} Bxe4 {[%emt 0:00:31]} 18. Bxe4 {[%emt
0:00:11]} d5 {[%emt 0:00:01]} 19. Bxh7 {[%emt 0:00:05]} e4 {[%emt 0:00:05]} 20.
Re2 {[%emt 0:00:08]} Bf6 {[%emt 0:00:06]} 21. c3 {[%emt 0:00:05]} bxc3 {[%emt
0:00:08]} 22. bxc3 {[%emt 0:00:06]} Qxc3 {[%emt 0:00:01]} 23. Rae1 {[%emt 0:00:
07]} Ke7 {[%emt 0:00:09]} 24. Qh6 {[%emt 0:00:07]} Rxh7 {[%emt 0:00:05]} 25.
Qxh7 {[%emt 0:00:05]} Rh8 {[%emt 0:00:02]} 26. Qxh8 {[%emt 0:00:06]} Bxh8 {
[%emt 0:00:02]} 27. Rb1 {[%emt 0:00:08]} Bd4 {[%emt 0:00:08]} 28. Kf1 {[%emt 0:
00:07]} Qc4 {[%emt 0:00:04]} 29. Rb7+ {[%emt 0:00:06]} Kd6 {[%emt 0:00:02]} 30.
Rxf7 {[%emt 0:00:08]} Qxa4 {[%emt 0:00:05]} 31. Re1 {[%emt 0:00:06]} Qb5+ {
[%emt 0:00:04]} 32. Kg1 {[%emt 0:00:04]} a5 {[%emt 0:00:01]} 33. h4 {[%emt 0:
00:10]} a4 {[%emt 0:00:01]} 34. Rf8 {[%emt 0:00:08]} Qa5 {[%emt 0:00:11]} 35.
Rd1 {[%emt 0:00:05]} a3 {[%emt 0:00:09]} 36. Rxd4 {[%emt 0:00:06]} a2 {[%emt 0:
00:01]} 37. Rd1 {[%emt 0:00:05]} a1=Q {[%emt 0:00:03]} 38. Rxa1 {[%emt 0:00:02]
} Qxa1+ {[%emt 0:00:02]} 39. Kh2 {[%emt 0:00:11]} Qg7 {[%emt 0:00:02]} 40. Rb8
{[%emt 0:00:10]} d4 {[%emt 0:00:03]} 41. Rb6+ {[%emt 0:00:06]} Kd5 {[%emt 0:00:
02]} 42. Rb5+ {[%emt 0:00:07]} Kc4 {[%emt 0:00:01]} 43. Rb1 {[%emt 0:00:07]}
Qg4 {[%emt 0:00:04]} 44. Rc1+ {[%emt 0:00:05]} Kd3 {[%emt 0:00:01]} 45. Kg1 {
[%emt 0:00:05]} Qxh4 {[%emt 0:00:05]} 46. Rc6 {[%emt 0:00:08]} e3 {[%emt 0:00:
07]} 47. fxe3 {[%emt 0:00:05]} Qe1+ {[%emt 0:00:01]} 48. Kh2 {[%emt 0:00:07]}
Qxe3 {[%emt 0:00:01]} 49. Ra6 {[%emt 0:00:07]} Qf4+ {[%emt 0:00:05]} 50. g3 {
[%emt 0:00:08]} Qg4 {[%emt 0:00:05]} 51. Rb6 {[%emt 0:00:06]} e5 {[%emt 0:00:
02]} 52. Rb3+ {[%emt 0:00:06]} Ke2 {[%emt 0:00:02]} 53. Rb2+ {[%emt 0:00:09]}
Ke3 {[%emt 0:00:01]} 54. Ra2 {[%emt 0:00:06]} e4 {[%emt 0:00:02]} 55. Ra3+ {
[%emt 0:00:09]} d3 {[%emt 0:00:01]} 56. Ra2 {[%emt 0:00:01]} Kf3 {[%emt 0:00:
01]} 57. Kg1 {[%emt 0:00:05]} Qxg3+ {[%emt 0:00:01]} 58. Kf1 {[%emt 0:00:01]}
e3 {[%emt 0:00:05] Bvibcrinworld resigns} 0-1

[Event "T-Director's Swiss sytem"]
[Site "playchess.com #662980"]
[Date "2014.03.16"]
[Round "7"]
[White "Bvibcrinworld"]
[Black "UrkhanSG"]
[Result "1-0"]
[WhiteElo "1891"]
[BlackElo "2009"]
[PlyCount "105"]
[EventDate "2014.03.16"]
[EventType "swiss (blitz)"]

1. e4 {[%emt 0:00:05]} c5 {[%emt 0:00:04]} 2. Nc3 {[%emt 0:00:05]} Nc6 {[%emt
0:00:04]} 3. g3 {[%emt 0:00:04]} g6 {[%emt 0:00:06]} 4. Bg2 {[%emt 0:00:14]}
Bg7 {[%emt 0:00:01]} 5. f4 {[%emt 0:00:05]} e6 {[%emt 0:00:10]} 6. d3 {[%emt 0:
00:04]} Nge7 {[%emt 0:00:01]} 7. Nf3 {[%emt 0:00:06]} O-O {[%emt 0:00:01]} 8.
O-O {[%emt 0:00:04]} d5 {[%emt 0:00:01]} 9. e5 {[%emt 0:00:07]} Rb8 {[%emt 0:
00:03]} 10. a4 {[%emt 0:00:10]} a6 {[%emt 0:00:03]} 11. Bd2 {[%emt 0:00:06]} b5
{[%emt 0:00:01]} 12. axb5 {[%emt 0:00:05]} axb5 {[%emt 0:00:01]} 13. h3 {[%emt
0:00:07]} Nf5 {[%emt 0:00:05]} 14. g4 {[%emt 0:00:05]} Nfd4 {[%emt 0:00:01]}
15. Nxd4 {[%emt 0:00:05]} Nxd4 {[%emt 0:00:02]} 16. Ne2 {[%emt 0:00:07]} Nxe2+
{[%emt 0:00:17]} 17. Qxe2 {[%emt 0:00:02]} b4 {[%emt 0:00:01]} 18. Be3 {[%emt
0:00:10]} Qc7 {[%emt 0:00:01]} 19. Qf2 {[%emt 0:00:10]} d4 {[%emt 0:00:03]} 20.
Bd2 {[%emt 0:00:07]} Bb7 {[%emt 0:00:01]} 21. Ra7 {[%emt 0:00:06]} Qb6 {[%emt
0:00:01]} 22. Rfa1 {[%emt 0:00:08]} Bxg2 {[%emt 0:00:05]} 23. Kxg2 {[%emt 0:00:
04]} b3 {[%emt 0:00:02]} 24. c3 {[%emt 0:00:08]} dxc3 {[%emt 0:00:05]} 25. Bxc3
{[%emt 0:00:06]} Rbd8 {[%emt 0:00:03]} 26. Qe2 {[%emt 0:00:08]} Qc6+ {[%emt 0:
00:10]} 27. Qe4 {[%emt 0:00:05]} Rd5 {[%emt 0:00:23]} 28. R1a6 {[%emt 0:00:06]}
Qb5 {[%emt 0:00:01]} 29. Qc4 {[%emt 0:00:08]} Qb8 {[%emt 0:00:22]} 30. Re7 {
[%emt 0:00:07]} Re8 {[%emt 0:00:14]} 31. Rxe8+ {[%emt 0:00:05]} Qxe8 {[%emt 0:
00:01]} 32. Qxb3 {[%emt 0:00:07]} Rxd3 {[%emt 0:00:02]} 33. Qb7 {[%emt 0:00:10]
} Rd7 {[%emt 0:00:19]} 34. Ra8 {[%emt 0:00:06]} Rd8 {[%emt 0:00:07]} 35. Ra5 {
[%emt 0:00:09]} Bf8 {[%emt 0:00:11]} 36. Ra7 {[%emt 0:00:06]} Rb8 {[%emt 0:00:
07]} 37. Qd7 {[%emt 0:00:05]} Bh6 {[%emt 0:00:48]} 38. Kf3 {[%emt 0:00:05]} Qf8
{[%emt 0:00:13]} 39. g5 {[%emt 0:00:08]} Bg7 {[%emt 0:00:01]} 40. Qd6 {[%emt 0:
00:02]} Qe8 {[%emt 0:00:28]} 41. Qxc5 {[%emt 0:00:05]} Rc8 {[%emt 0:00:01]} 42.
Qe7 {[%emt 0:00:11]} Qc6+ {[%emt 0:00:02]} 43. Kg3 {[%emt 0:00:07]} Rf8 {[%emt
0:00:05]} 44. Qd7 {[%emt 0:00:07]} Qe4 {[%emt 0:00:01]} 45. Qd4 {[%emt 0:00:06]
} Qe2 {[%emt 0:00:04]} 46. Bb4 {[%emt 0:00:05]} Rc8 {[%emt 0:00:22]} 47. Rxf7 {
[%emt 0:00:15]} Qc4 {[%emt 0:00:53]} 48. Qd7 {[%emt 0:00:07]} Qb3+ {[%emt 0:00:
09]} 49. Bc3 {[%emt 0:00:14] .} Rxc3+ {[%emt 0:00:02]} 50. bxc3 {[%emt 0:00:05]
} Qxc3+ {[%emt 0:00:00]} 51. Kg4 {[%emt 0:00:07]} h5+ {[%emt 0:00:11]} 52. gxh6
{[%emt 0:00:07]} Bxh6 {[%emt 0:00:05]} 53. Qe8+ {[%emt 0:00:04] UrkhanSG
resigns} 1-0

[Event "T-Director's Swiss sytem"]
[Site "playchess.com #662980"]
[Date "2014.03.16"]
[Round "2"]
[White "Carokan"]
[Black "Promotioncaval"]
[Result "0-1"]
[WhiteElo "1842"]
[BlackElo "2260"]
[PlyCount "96"]
[EventDate "2014.03.16"]
[EventType "swiss (blitz)"]

1. d4 {[%emt 0:00:04]} Nf6 {[%emt 0:00:03]} 2. c4 {[%emt 0:00:02]} c5 {[%emt 0:
00:05]} 3. d5 {[%emt 0:00:04]} b5 {[%emt 0:00:05]} 4. cxb5 {[%emt 0:00:01]} a6
{[%emt 0:00:03]} 5. bxa6 {[%emt 0:00:00]} Bxa6 {[%emt 0:00:02]} 6. Nc3 {[%emt
0:00:04]} g6 {[%emt 0:00:03]} 7. e4 {[%emt 0:00:03]} Bxf1 {[%emt 0:00:03]} 8.
Kxf1 {[%emt 0:00:05]} d6 {[%emt 0:00:01]} 9. Nf3 {[%emt 0:00:04]} Bg7 {[%emt 0:
00:01]} 10. g3 {[%emt 0:00:02]} O-O {[%emt 0:00:01]} 11. Kg2 {[%emt 0:00:03]}
Na6 {[%emt 0:00:06]} 12. Qe2 {[%emt 0:00:06]} Qb6 {[%emt 0:00:07]} 13. Re1 {
[%emt 0:00:23]} Rfb8 {[%emt 0:00:04]} 14. e5 {[%emt 0:00:24]} dxe5 {[%emt 0:00:
06]} 15. Nxe5 {[%emt 0:00:03]} Qb7 {[%emt 0:00:22]} 16. Nc6 {[%emt 0:00:35]}
Nxd5 {[%emt 0:00:32]} 17. Nxd5 {[%emt 0:00:05]} Qxc6 {[%emt 0:00:04]} 18. Qf3 {
[%emt 0:00:00]} Kh8 {[%emt 0:00:50]} 19. Nxe7 {[%emt 0:00:07]} Qxf3+ {[%emt 0:
00:24]} 20. Kxf3 {[%emt 0:00:05]} Nb4 {[%emt 0:00:01]} 21. Bf4 {[%emt 0:00:23]}
Rb7 {[%emt 0:00:31]} 22. Re2 {[%emt 0:00:34]} h5 {[%emt 0:01:08]} 23. Rc1 {
[%emt 0:00:12]} Nd3 {[%emt 0:00:33]} 24. Rcc2 {[%emt 0:00:07]} Rxa2 {[%emt 0:
00:09]} 25. Nc6 {[%emt 0:00:08]} Nxf4 {[%emt 0:00:17]} 26. Kxf4 {[%emt 0:00:13]
} Rbxb2 {[%emt 0:00:01]} 27. Re8+ {[%emt 0:00:05]} Kh7 {[%emt 0:00:01]} 28.
Rxb2 {[%emt 0:00:03]} Rxb2 {[%emt 0:00:00]} 29. Kf3 {[%emt 0:00:03]} c4 {[%emt
0:00:03]} 30. Rc8 {[%emt 0:00:04]} c3 {[%emt 0:00:04]} 31. Ne7 {[%emt 0:00:02]}
Bd4 {[%emt 0:00:03]} 32. Ke4 {[%emt 0:00:03]} Bf6 {[%emt 0:00:03]} 33. Nd5 {
[%emt 0:00:01]} Bg7 {[%emt 0:00:01]} 34. f4 {[%emt 0:00:09]} Rxh2 {[%emt 0:00:
05]} 35. Nxc3 {[%emt 0:00:01]} Rc2 {[%emt 0:00:01]} 36. Kd3 {[%emt 0:00:01]}
Rxc3+ {[%emt 0:00:01]} 37. Rxc3 {[%emt 0:00:03]} Bxc3 {[%emt 0:00:00]} 38. Kxc3
{[%emt 0:00:00]} Kh6 {[%emt 0:00:00]} 39. Kd4 {[%emt 0:00:01]} h4 {[%emt 0:00:
01]} 40. gxh4 {[%emt 0:00:04]} Kh5 {[%emt 0:00:01]} 41. f5 {[%emt 0:00:03]}
Kxh4 {[%emt 0:00:08]} 42. fxg6 {[%emt 0:00:07]} fxg6 {[%emt 0:00:01]} 43. Ke3 {
[%emt 0:00:02]} Kg3 {[%emt 0:00:01]} 44. Ke2 {[%emt 0:00:03]} g5 {[%emt 0:00:
01]} 45. Kf1 {[%emt 0:00:01]} g4 {[%emt 0:00:09]} 46. Kg1 {[%emt 0:00:01]} Kf3
{[%emt 0:00:01]} 47. Kh1 {[%emt 0:00:05]} Kf2 {[%emt 0:00:02]} 48. Kh2 {[%emt
0:00:03]} g3+ {[%emt 0:00:01] Carokan Abandona} 0-1

[Event "T-Director's Swiss sytem"]
[Site "playchess.com #662980"]
[Date "2014.03.16"]
[Round "2"]
[White "Chess-hate"]
[Black "Dusica"]
[Result "1-0"]
[WhiteElo "1360"]
[BlackElo "1729"]
[PlyCount "103"]
[EventDate "2014.03.16"]
[EventType "swiss (blitz)"]

1. d4 {[%emt 0:00:01]} d5 {[%emt 0:00:06]} 2. c4 {[%emt 0:00:03]} e5 {[%emt 0:
00:01]} 3. dxe5 {[%emt 0:00:01]} d4 {[%emt 0:00:01]} 4. Nf3 {[%emt 0:00:01]}
Nc6 {[%emt 0:00:01]} 5. g3 {[%emt 0:00:01]} Bg4 {[%emt 0:00:02]} 6. Bg2 {[%emt
0:00:01]} Nge7 {[%emt 0:00:01]} 7. O-O {[%emt 0:00:02]} Ng6 {[%emt 0:00:01]} 8.
Nbd2 {[%emt 0:00:08]} Qd7 {[%emt 0:00:07]} 9. Qb3 {[%emt 0:00:06]} Rb8 {[%emt
0:00:04]} 10. Qa4 {[%emt 0:00:13]} Bb4 {[%emt 0:00:05]} 11. a3 {[%emt 0:00:16]}
Bxd2 {[%emt 0:00:03]} 12. Bxd2 {[%emt 0:00:02]} O-O {[%emt 0:00:02]} 13. b4 {
[%emt 0:00:02]} Bxf3 {[%emt 0:00:04]} 14. Bxf3 {[%emt 0:00:02]} Ngxe5 {[%emt 0:
00:01]} 15. Bd5 {[%emt 0:00:04]} a6 {[%emt 0:00:05]} 16. Qc2 {[%emt 0:00:06]}
Ne7 {[%emt 0:00:05]} 17. Bg2 {[%emt 0:00:02]} N7g6 {[%emt 0:00:05]} 18. Rfd1 {
[%emt 0:00:02]} Rfd8 {[%emt 0:00:06]} 19. b5 {[%emt 0:00:04]} axb5 {[%emt 0:00:
03]} 20. cxb5 {[%emt 0:00:01]} d3 {[%emt 0:00:09]} 21. exd3 {[%emt 0:00:03]}
Qxd3 {[%emt 0:00:04]} 22. Qxd3 {[%emt 0:00:05]} Rxd3 {[%emt 0:00:04]} 23. Be3 {
[%emt 0:00:03]} b6 {[%emt 0:00:05]} 24. Be4 {[%emt 0:00:13]} Rxd1+ {[%emt 0:00:
03]} 25. Rxd1 {[%emt 0:00:02]} Nc4 {[%emt 0:00:03]} 26. Bc1 {[%emt 0:00:04]}
Nge5 {[%emt 0:00:04]} 27. h3 {[%emt 0:00:09]} g6 {[%emt 0:00:03]} 28. f4 {
[%emt 0:00:03]} Nxa3 {[%emt 0:00:12]} 29. Bxa3 {[%emt 0:00:02]} Nc4 {[%emt 0:
00:03]} 30. Bc1 {[%emt 0:00:06]} Re8 {[%emt 0:00:01]} 31. Bd5 {[%emt 0:00:02]}
Nd6 {[%emt 0:00:06]} 32. Kf2 {[%emt 0:00:03]} Nf5 {[%emt 0:00:05]} 33. Bc6 {
[%emt 0:00:05]} Re6 {[%emt 0:00:09]} 34. Bb2 {[%emt 0:00:02]} f6 {[%emt 0:00:
12]} 35. Bd5 {[%emt 0:00:06]} Kf7 {[%emt 0:00:02]} 36. Bxe6+ {[%emt 0:00:01]}
Kxe6 {[%emt 0:00:01]} 37. Kf3 {[%emt 0:00:02]} Nd6 {[%emt 0:00:03]} 38. Rxd6+ {
[%emt 0:00:04]} cxd6 {[%emt 0:00:05]} 39. Ke4 {[%emt 0:00:01]} f5+ {[%emt 0:00:
01]} 40. Kd4 {[%emt 0:00:01]} h6 {[%emt 0:00:03]} 41. Kc4 {[%emt 0:00:02]} g5 {
[%emt 0:00:05]} 42. Bc1 {[%emt 0:00:04]} g4 {[%emt 0:00:04]} 43. hxg4 {[%emt 0:
00:03]} fxg4 {[%emt 0:00:01]} 44. Kd4 {[%emt 0:00:03]} Kf5 {[%emt 0:00:01]} 45.
Be3 {[%emt 0:00:01]} h5 {[%emt 0:00:02]} 46. Kd5 {[%emt 0:00:01]} h4 {[%emt 0:
00:03]} 47. gxh4 {[%emt 0:00:01]} g3 {[%emt 0:00:03]} 48. Kxd6 {[%emt 0:00:01]}
Ke4 {[%emt 0:00:02]} 49. Bxb6 {[%emt 0:00:03]} Kxf4 {[%emt 0:00:02]} 50. Bc5 {
[%emt 0:00:02]} Kg4 {[%emt 0:00:01]} 51. b6 {[%emt 0:00:02]} Kxh4 {[%emt 0:00:
01]} 52. b7 {[%emt 0:00:01] Dusica resigns} 1-0

[Event "T-Director's Swiss sytem"]
[Site "playchess.com #662980"]
[Date "2014.03.16"]
[Round "5"]
[White "Chess-hate"]
[Black "Orgoi"]
[Result "0-1"]
[WhiteElo "1650"]
[BlackElo "2105"]
[PlyCount "66"]
[EventDate "2014.03.16"]
[EventType "swiss (blitz)"]

1. d4 {[%emt 0:00:01]} Nf6 {[%emt 0:00:02]} 2. c4 {[%emt 0:00:03]} e6 {[%emt 0:
00:02]} 3. Nf3 {[%emt 0:00:01]} b6 {[%emt 0:00:02]} 4. a3 {[%emt 0:00:01]} Bb7
{[%emt 0:00:03]} 5. Nc3 {[%emt 0:00:01]} d5 {[%emt 0:00:01]} 6. Bg5 {[%emt 0:
00:02]} Be7 {[%emt 0:00:02]} 7. e3 {[%emt 0:00:02]} O-O {[%emt 0:00:02]} 8. Rc1
{[%emt 0:00:11]} Nbd7 {[%emt 0:00:02]} 9. cxd5 {[%emt 0:00:04]} exd5 {[%emt 0:
00:06]} 10. Bd3 {[%emt 0:00:02]} c5 {[%emt 0:00:04]} 11. O-O {[%emt 0:00:03]}
Ne4 {[%emt 0:00:02]} 12. Bxe7 {[%emt 0:00:02]} Qxe7 {[%emt 0:00:01]} 13. dxc5 {
[%emt 0:00:08]} bxc5 {[%emt 0:00:04]} 14. Be2 {[%emt 0:00:09]} Ndf6 {[%emt 0:
00:07]} 15. Qa4 {[%emt 0:00:22]} Rfd8 {[%emt 0:00:19]} 16. Rfd1 {[%emt 0:00:02]
} a6 {[%emt 0:00:11]} 17. b4 {[%emt 0:00:05]} c4 {[%emt 0:00:10]} 18. Qc2 {
[%emt 0:00:23]} Re8 {[%emt 0:00:12]} 19. Bf1 {[%emt 0:00:04]} Ng4 {[%emt 0:00:
10]} 20. Nxe4 {[%emt 0:00:08]} dxe4 {[%emt 0:00:01]} 21. Nd4 {[%emt 0:00:03]}
Qe5 {[%emt 0:00:12]} 22. g3 {[%emt 0:00:06]} Qh5 {[%emt 0:00:07]} 23. h3 {
[%emt 0:00:02]} Ne5 {[%emt 0:00:04]} 24. Bxc4 {[%emt 0:00:31]} Qxh3 {[%emt 0:
00:11]} 25. Qe2 {[%emt 0:00:02]} Ng4 {[%emt 0:00:22]} 26. f4 {[%emt 0:00:59]}
exf3 {[%emt 0:00:18]} 27. Nxf3 {[%emt 0:00:07]} Bxf3 {[%emt 0:00:11]} 28. Qxf3
{[%emt 0:00:02]} Qh2+ {[%emt 0:00:02]} 29. Kf1 {[%emt 0:00:01]} Nxe3+ {[%emt 0:
00:03]} 30. Ke1 {[%emt 0:00:07]} Nxc4+ {[%emt 0:00:13]} 31. Kf1 {[%emt 0:00:03]
} Ne3+ {[%emt 0:00:04]} 32. Ke1 {[%emt 0:00:01]} Nxd1+ {[%emt 0:00:02]} 33.
Kxd1 {[%emt 0:00:02]} Rad8+ {[%emt 0:00:04] Chess-hate abandonne} 0-1